| 000 | 00431cam a22001571 4500 | ||
|---|---|---|---|
| 082 | 0 | 0 |
_a539.76 _bGLA _cL-7, P-35. |
| 100 | 1 |
_aGlasstone, Samuel, _940102 |
|
| 245 | 0 | 0 | _aSourcebook on atomic energy. |
| 250 | _a2d ed. | ||
| 260 |
_aPrinceton, N.J., _bVan Nostrand _c[1958] |
||
| 300 |
_a641 p. _billus. _c24 cm. |
||
| 526 |
_a0 _b0 _c0 _d539_760000000000000_GLA |
||
| 650 | 0 |
_aMCE _9379 |
|
| 650 | 0 | _aNuclear energy. | |
| 942 |
_2ddc _cBK |
||
| 999 |
_c544467 _d544467 |
||